[Event "Open Primavera"]
[Site "Provaglio d'Iseo ITA"]
[Date "2013.03.15"]
[Round "2"]
[White "Barucco, Mattia"]
[Black "Brugaletta, Giorgio"]
[WhiteElo "2016"]
[BlackElo "1727"]
[Result "1-0"]
[PlyCount "77"]
[EventDate "2013.03.08"]

1. e4 c5 2. Nc3 Nc6 3. f4 e6 4. Nf3 a6 5. d3 b5 6. a3 Bb7 7. g3 Nge7 8. Bg2 g6
9. O-O Bg7 10. e5 Qc7 11. Ne4 O-O 12. Nxc5 Rad8 13. Nxb7 Qxb7 14. Be3 Qb8 15.
Bc5 Rfe8 16. Kh1 Nf5 17. g4 d6 18. Bf2 Nfe7 19. Bg3 dxe5 20. fxe5 Nd5 21. Qe2
Rf8 22. Rae1 Qc7 23. c3 a5 24. d4 b4 25. Rc1 Qb6 26. Bh4 Rc8 27. Qe4 bxa3 28.
bxa3 Qb3 29. Nd2 Qxa3 30. c4 Ndb4 31. Ra1 Qd3 32. Qxd3 Nxd3 33. Bxc6 Rxc6 34.
Rxa5 Nb2 35. c5 Rfc8 36. Be7 Nd3 37. Ne4 Re8 38. Bd6 h6 39. Ra7 1-0

[Event "Open Primavera"]
[Site "Provaglio d'Iseo ITA"]
[Date "2013.03.15"]
[Round "2"]
[White "Domenighini, Alessandro"]
[Black "Frugoni, Giulio"]
[WhiteElo "1743"]
[BlackElo "1615"]
[Result "1-0"]
[PlyCount "99"]
[EventDate "2013.03.08"]

1. d4 Nf6 2. c4 e6 3. Nc3 Bb4 4. a3 Bxc3+ 5. bxc3 d5 6. e3 b6 7. Nf3 Bb7 8. a4
O-O 9. Bd3 Ne4 10. Qc2 f5 11. Ba3 Rf6 12. cxd5 exd5 13. Ne5 f4 14. f3 fxe3 15.
Ng4 Nd2 16. Bxh7+ Kh8 17. Nxf6 Qxf6 18. h4 Nd7 19. Bd3 c5 20. h5 Rf8 21. Be2
Qg5 22. Qg6 Qxg6 23. hxg6+ Kg8 24. Bd3 Rf6 25. Ke2 Nc4 26. Rh2 Re6 27. Rah1 Kf8
28. Bc1 Nf6 29. Rh4 Ke7 30. Rf4 Bc6 31. g4 Be8 32. g5 Nd7 33. Rh7 Bxg6 34.
Rxg7+ Kd6 35. Rxg6 Nd2 36. Rxe6+ Kxe6 37. Kxe3 Nc4+ 38. Bxc4 dxc4 39. Ke4 Ke7
40. Kf5 Nf8 41. Re4+ Kf7 42. dxc5 bxc5 43. Rxc4 Ng6 44. Rxc5 Nh4+ 45. Kg4 Ng6
46. f4 a6 47. Rc6 a5 48. Rxg6 Kxg6 49. f5+ Kg7 50. c4 1-0

[Event "Open Primavera"]
[Site "Provaglio d'Iseo ITA"]
[Date "2013.03.15"]
[Round "2"]
[White "Ghidinelli, Giorgio"]
[Black "Dieli, Alberto"]
[WhiteElo "1902"]
[BlackElo "1949"]
[Result "0-1"]
[PlyCount "88"]
[EventDate "2013.03.08"]

1. d4 Nf6 2. Nf3 g6 3. g3 Bg7 4. Bg2 O-O 5. O-O d5 6. Ne5 c6 7. h3 Nfd7 8. Nxd7
Nxd7 9. c3 e5 10. dxe5 Nxe5 11. Na3 f5 12. Be3 Qe7 13. Re1 b6 14. Qc1 Nf7 15.
Nc2 Nd6 16. Bh6 Ne4 17. Bxg7 Kxg7 18. e3 Qg5 19. Nd4 Qf6 20. Qc2 h5 21. Qe2 Bd7
22. Kh2 Qe5 23. f4 Qe7 24. Nf3 b5 25. Ne5 Be8 26. Bxe4 fxe4 27. Qd2 Bd7 28. Qd4
Kh7 29. Rh1 Qe6 30. Kg2 Rfb8 31. a3 Rb7 32. Raf1 Rf8 33. g4 Be8 34. Rf2 Re7 35.
Rhf1 g5 36. gxh5 Bxh5 37. Qc5 gxf4 38. exf4 Rg8+ 39. Kh2 Reg7 40. Qxc6 Qxc6 41.
Nxc6 e3 42. Rc2 e2 43. Re1 Rg2+ 44. Kh1 Rg1+ 0-1

[Event "Open Primavera"]
[Site "Provaglio d'Iseo ITA"]
[Date "2013.03.15"]
[Round "2"]
[White "Schaberg, Wolfgang"]
[Black "Cristiani, Cesare"]
[WhiteElo "1839"]
[BlackElo "2128"]
[Result "1/2-1/2"]
[PlyCount "47"]
[EventDate "2013.03.08"]

1. e4 d5 2. exd5 Qxd5 3. Nf3 Nf6 4. Nc3 Qd6 5. d4 c6 6. Bd3 Bg4 7. Be3 Nbd7 8.
Qe2 e6 9. a3 Be7 10. O-O Qc7 11. Na4 Bh5 12. h3 Nd5 13. c4 Nf4 14. Bxf4 Qxf4
15. Qe3 Qxe3 16. fxe3 O-O 17. Nc3 Rfd8 18. g4 Bg6 19. Bxg6 hxg6 20. b4 f5 21.
c5 g5 22. e4 g6 23. e5 Kg7 24. Kg2 1/2-1/2

[Event "Open Primavera"]
[Site "Provaglio d'Iseo ITA"]
[Date "2013.03.15"]
[Round "2"]
[White "Vagliati, Massimo"]
[Black "Caceffo, Daniele"]
[WhiteElo "1702"]
[BlackElo "1449"]
[Result "1/2-1/2"]
[PlyCount "59"]
[EventDate "2013.03.08"]

1. d4 Nf6 2. c4 g6 3. Nc3 Bg7 4. e4 d6 5. f3 O-O 6. Nge2 e5 7. d5 Nbd7 8. b4 b6
9. Be3 Qe7 10. Ng3 Bb7 11. Be2 Rfc8 12. O-O Ne8 13. Qd2 a5 14. a3 Bh8 15. Bd3
axb4 16. axb4 Ra6 17. Rxa6 Bxa6 18. Ra1 Ra8 19. Ra3 Bb7 20. Qa2 Qd8 21. Nb5
Rxa3 22. Qxa3 Qa8 23. Qxa8 Bxa8 24. Na7 Nb8 25. Bc2 Na6 26. Ba4 Kf8 27. Bd2 Bf6
28. Bb5 Nb8 29. Kf2 Ke7 30. Ne2 1/2-1/2

[Event "Open Primavera"]
[Site "Provaglio d'Iseo ITA"]
[Date "2013.03.15"]
[Round "3"]
[White "Barucco, Mattia"]
[Black "Bosio, Devis"]
[WhiteElo "2016"]
[BlackElo "1922"]
[Result "1/2-1/2"]
[PlyCount "74"]
[EventDate "2013.03.08"]

1. e4 e5 2. Nf3 Nc6 3. Bc4 Bc5 4. c3 Nf6 5. d3 a6 6. Bb3 Ba7 7. h3 O-O 8. Bg5
d6 9. Nbd2 h6 10. Bh4 Qe7 11. Nf1 g5 12. Bg3 d5 13. Qe2 dxe4 14. dxe4 Nh5 15.
O-O-O Nf4 16. Bxf4 exf4 17. g3 Be6 18. gxf4 Bxb3 19. axb3 gxf4 20. N1h2 Rae8
21. Ng4 Kh8 22. Nxh6 f5 23. Qc4 fxe4 24. Nd4 Ne5 25. Qe2 Qh7 26. Ng4 Nd3+ 27.
Kb1 Bxd4 28. cxd4 Nb4 29. Ne5 e3+ 30. Ka1 Nd5 31. f3 Nb4 32. Rhg1 Rg8 33. Qc4
Nc2+ 34. Ka2 Rxe5 35. dxe5 Rxg1 36. Rxg1 e2 37. Qxe2 Nb4+ 1/2-1/2

[Event "Open Primavera"]
[Site "Provaglio d'Iseo ITA"]
[Date "2013.03.15"]
[Round "3"]
[White "Burimi, Ilir"]
[Black "Vagliati, Massimo"]
[WhiteElo "1800"]
[BlackElo "1702"]
[Result "1-0"]
[PlyCount "49"]
[EventDate "2013.03.08"]

1. e4 c5 2. Nf3 Nc6 3. d4 cxd4 4. Nxd4 e6 5. Nc3 a6 6. Be3 Qc7 7. Be2 Nf6 8.
O-O Bb4 9. Nxc6 Bxc3 10. bxc3 dxc6 11. e5 Qxe5 12. Bd4 Qd5 13. c4 Qd8 14. Bf3
O-O 15. Re1 Qe7 16. Qe2 Bd7 17. Qe3 Rfe8 18. Qe5 Rec8 19. Bc5 Qd8 20. Re3 Ne8
21. Rd1 f6 22. Qd4 Qa5 23. Bb6 Qb4 24. Rb3 c5 25. Qxd7 1-0

[Event "Open Primavera"]
[Site "Provaglio d'Iseo ITA"]
[Date "2013.03.15"]
[Round "3"]
[White "Caceffo, Daniele"]
[Black "Frugoni, Giulio"]
[WhiteElo "1449"]
[BlackElo "1615"]
[Result "1-0"]
[PlyCount "63"]
[EventDate "2013.03.08"]

1. e4 e5 2. Nf3 Nc6 3. Bc4 Be7 4. Nc3 Nf6 5. d3 O-O 6. Be3 d6 7. h3 a6 8. O-O
b5 9. Bb3 Bb7 10. Nd2 Na5 11. f4 Nxb3 12. Nxb3 exf4 13. Rxf4 c5 14. a4 b4 15.
Nb1 Qc7 16. c4 bxc3 17. Nxc3 d5 18. exd5 Nxd5 19. Nxd5 Bxd5 20. Rc1 Qe5 21. Bd2
Bxb3 22. Qxb3 Bd6 23. Re4 Qh2+ 24. Kf1 Bg3 25. Be3 Rab8 26. Qc3 Rb6 27. Rg4 Be5
28. Qxc5 Rf6+ 29. Ke2 Rg6 30. Bg1 Qh1 31. Qxf8+ Kxf8 32. Bc5+ 1-0

[Event "Open Primavera"]
[Site "Provaglio d'Iseo ITA"]
[Date "2013.03.15"]
[Round "3"]
[White "Cattaneo, Ugo"]
[Black "Schaberg, Wolfgang"]
[WhiteElo "1830"]
[BlackElo "1839"]
[Result "0-1"]
[PlyCount "94"]
[EventDate "2013.03.08"]

1. e4 d6 2. d4 Nf6 3. Nc3 g6 4. Bg5 Bg7 5. Be2 h6 6. Be3 c6 7. Qd2 b5 8. a3 a5
9. Bf3 Ng4 10. Nge2 Nxe3 11. fxe3 e5 12. Nd1 Nd7 13. Nf2 h5 14. Nd3 Bh6 15. Qc3
Qc7 16. dxe5 dxe5 17. Nc5 O-O 18. O-O Qb6 19. b4 Nxc5 20. bxc5 Qc7 21. Rad1 Be6
22. Rd6 Bg7 23. Rfd1 Rfd8 24. Nc1 Rxd6 25. cxd6 Qb6 26. Nb3 Bxb3 27. cxb3 Rd8
28. Be2 Bf8 29. d7 Qb7 30. Qxe5 Rxd7 31. a4 Rxd1+ 32. Bxd1 bxa4 33. bxa4 Qb1
34. Qd4 Qc1 35. Kf2 c5 36. Qd3 c4 37. Qc2 Qa1 38. Ke2 c3 39. Kd3 Bb4 40. Qb3
Kf8 41. Kc2 Ke7 42. Qb1 Qxa4+ 43. Qb3 Qd7 44. Qd5 Qxd5 45. exd5 Kd6 46. e4 Ke5
47. h3 Kxe4 0-1

[Event "Open Primavera"]
[Site "Provaglio d'Iseo ITA"]
[Date "2013.03.15"]
[Round "3"]
[White "Lanfranchi, Francesco"]
[Black "Ghidinelli, Giorgio"]
[WhiteElo "1515"]
[BlackElo "1902"]
[Result "0-1"]
[PlyCount "102"]
[EventDate "2013.03.08"]

1. Nf3 Nf6 2. g3 d5 3. Bg2 g6 4. d3 Bg7 5. O-O O-O 6. Nbd2 Bd7 7. e4 dxe4 8.
dxe4 Nc6 9. c3 Qc8 10. Re1 Bh3 11. Nb3 Bxg2 12. Kxg2 Rd8 13. Qc2 e5 14. Be3 Qg4
15. Nbd2 h6 16. h3 Qe6 17. Nh4 Ne7 18. Nb3 b6 19. Rad1 Qc4 20. Nf3 Nc6 21. Nfd2
Qd3 22. Qxd3 Rxd3 23. f4 Rad8 24. fxe5 Nxe4 25. Nd4 Nxd4 26. cxd4 Nxd2 27. Bxd2
R3xd4 28. Re2 Bxe5 29. Bxh6 Rxd1 30. Rxe5 f6 31. Re7 R1d7 32. Re6 Kf7 33. Re2
g5 34. h4 gxh4 35. gxh4 Rh8 36. Bd2 Rxh4 37. Kg3 Rhd4 38. Bc3 Rd3+ 39. Kg2 R7d5
40. Rf2 Rg5+ 41. Kf1 f5 42. Rh2 Ke6 43. Rh6+ Kd7 44. Rh7+ Kc8 45. Ke2 Rd7 46.
Rh8+ Kb7 47. Rf8 Rd5 48. Rf7 Rg3 49. Kf2 Rxc3 50. bxc3 Rd2+ 51. Ke3 Rxa2 0-1

[Event "Open Primavera"]
[Site "Provaglio d'Iseo ITA"]
[Date "2013.03.15"]
[Round "3"]
[White "Panada, Valter"]
[Black "Massetti, Euro"]
[WhiteElo "1850"]
[BlackElo "1919"]
[Result "0-1"]
[PlyCount "58"]
[EventDate "2013.03.08"]

1. e4 c6 2. d4 d5 3. exd5 cxd5 4. c4 Nf6 5. Nc3 Nc6 6. Nf3 e6 7. cxd5 Nxd5 8.
Bb5 Nxc3 9. bxc3 Bd7 10. O-O a6 11. Ba4 b5 12. Bc2 Qc7 13. d5 exd5 14. Re1+ Be7
15. Qxd5 Be6 16. Qe4 Rd8 17. Bf4 Bd6 18. Bg5 Be7 19. Rad1 Bxg5 20. Nxg5 Rxd1
21. Rxd1 Nd8 22. Qd4 f6 23. Nxe6 Nxe6 24. Re1 Kf7 25. Bb3 Re8 26. Qe4 Qc8 27.
Qxh7 Qxc3 28. Qh5+ Kf8 29. Qe2 Nc7 0-1

[Event "Open Primavera"]
[Site "Provaglio d'Iseo ITA"]
[Date "2013.03.29"]
[Round "4"]
[White "Bosio, Devis"]
[Black "Dieli, Alberto"]
[WhiteElo "1922"]
[BlackElo "1949"]
[Result "0-1"]
[PlyCount "110"]
[EventDate "2013.03.08"]

1. e4 e5 2. Nf3 Nc6 3. Bc4 Bc5 4. c3 Nf6 5. d4 exd4 6. cxd4 Bb4+ 7. Nc3 Nxe4 8.
O-O Bxc3 9. d5 Bf6 10. Re1 Ne7 11. Rxe4 d6 12. Bg5 Bxg5 13. Nxg5 O-O 14. Nxh7
Bf5 15. Rxe7 Bxh7 16. Qe2 Re8 17. Re1 Qxe7 18. Qxe7 Rxe7 19. Rxe7 Rc8 20. f4
Kf8 21. Re2 Re8 22. Kf2 Be4 23. g4 f5 24. g5 Kf7 25. a3 Kg6 26. Kg3 c6 27. Rd2
b5 28. Bb3 c5 29. Bd1 Rc8 30. Bf3 Bxf3 31. Kxf3 Re8 32. b4 c4 33. Rd1 Re4 34.
h4 Kh5 35. Rd2 Re1 36. Kf2 Ra1 37. Re2 Kxh4 38. Re7 Ra2+ 39. Ke1 Rxa3 40. Rxg7
Kg4 41. Rd7 Kxf4 42. g6 Rg3 43. g7 Ke5 44. Rxa7 Kxd5 45. Rb7 Ke4 46. Re7+ Kd4
47. Rb7 d5 48. Rd7 Ke5 49. Rb7 Ke4 50. Re7+ Kd3 51. Kf2 Rg6 52. Rb7 c3 53. Rxb5
d4 54. Rxf5 c2 55. Rc5 Kd2 0-1

[Event "Open Primavera"]
[Site "Provaglio d'Iseo ITA"]
[Date "2013.03.29"]
[Round "4"]
[White "Brugaletta, Giorgio"]
[Black "Lanfranchi, Francesco"]
[WhiteElo "1727"]
[BlackElo "1515"]
[Result "1-0"]
[PlyCount "87"]
[EventDate "2013.03.08"]

1. e4 e5 2. Nf3 Nc6 3. Bb5 Bc5 4. Bxc6 dxc6 5. O-O Bg4 6. d3 Qf6 7. Bg5 Qe6 8.
Nbd2 f6 9. Be3 Bd6 10. c3 Nh6 11. Qc2 Bxf3 12. Nxf3 Ng4 13. Bd2 O-O-O 14. a4 f5
15. b4 fxe4 16. dxe4 Be7 17. c4 Qg6 18. c5 Rhf8 19. Ra3 Qh5 20. h3 Nh6 21. Rb3
Rf6 22. Qc3 Rxf3 23. gxf3 Qxh3 24. Qxe5 Bf6 25. Qf4 Ng8 26. Be3 Nh6 27. Qg3 Qh5
28. Bf4 Bh4 29. Qh2 Rd7 30. b5 g5 31. Bg3 Rg7 32. bxc6 Qf7 33. Qh3+ g4 34.
cxb7+ Kb8 35. Qxh4 Qxb3 36. Qxh6 Qf7 37. Qf4 Qxf4 38. Bxf4 gxf3+ 39. Bg3 h5 40.
Kh2 Rg4 41. Re1 Kxb7 42. e5 Kc8 43. e6 Rxa4 44. e7 1-0

[Event "Open Primavera"]
[Site "Provaglio d'Iseo ITA"]
[Date "2013.03.29"]
[Round "4"]
[White "Caceffo, Daniele"]
[Black "Cattaneo, Ugo"]
[WhiteElo "1449"]
[BlackElo "1830"]
[Result "0-1"]
[PlyCount "46"]
[EventDate "2013.03.08"]

1. e4 e5 2. Nf3 Nc6 3. Bb5 Bc5 4. c3 Nf6 5. d4 exd4 6. cxd4 Bb6 7. Nc3 O-O 8.
O-O d6 9. h3 Bd7 10. Bg5 h6 11. Bxf6 Qxf6 12. Nd5 Qd8 13. a4 Ba5 14. Rb1 Nb4
15. Bxd7 Qxd7 16. Nxb4 Bxb4 17. Qb3 a5 18. Ne1 Rfe8 19. f3 b5 20. Ra1 c5 21.
dxc5 dxc5 22. axb5 Qxb5 23. Kh1 Qxf1+ 0-1

[Event "Open Primavera"]
[Site "Provaglio d'Iseo ITA"]
[Date "2013.03.29"]
[Round "4"]
[White "Ghidinelli, Giorgio"]
[Black "Cristiani, Cesare"]
[WhiteElo "1902"]
[BlackElo "2128"]
[Result "0-1"]
[PlyCount "94"]
[EventDate "2013.03.08"]

1. d4 f5 2. Nf3 Nf6 3. c4 g6 4. Qc2 Bg7 5. Nbd2 O-O 6. e4 fxe4 7. Nxe4 d6 8.
Nxf6+ exf6 9. Be3 Nc6 10. a3 f5 11. Qd2 Qf6 12. g3 f4 13. gxf4 Bg4 14. Be2 Rae8
15. O-O-O Kh8 16. d5 Na5 17. Qc2 Bxf3 18. Bxf3 Nxc4 19. Rd3 b5 20. Rb3 a6 21.
Be2 Nb6 22. Rd1 Qh4 23. Bf3 Nc4 24. Kb1 Qf6 25. Be2 Na5 26. Rc3 Re7 27. Rd2 Qf7
28. Bd4 Nb7 29. Re3 Bxd4 30. Rxd4 Nc5 31. Qc3 Kg8 32. Bg4 Rfe8 33. Bf3 Qf5+ 34.
Ka2 Rxe3 35. fxe3 Qh3 36. e4 Qxh2 37. Qe3 Qh6 38. b4 Na4 39. Bg4 Qh1 40. Bf3
Qh6 41. Bd1 Nb6 42. Qf2 Qh1 43. Bf3 Qc1 44. Qd2 Qxd2+ 45. Rxd2 Rf8 46. Bg4 Rxf4
47. Be6+ Kg7 0-1

[Event "Open Primavera"]
[Site "Provaglio d'Iseo ITA"]
[Date "2013.03.29"]
[Round "4"]
[White "Schaberg, Wolfgang"]
[Black "Massetti, Euro"]
[WhiteElo "1839"]
[BlackElo "1919"]
[Result "0-1"]
[PlyCount "55"]
[EventDate "2013.03.08"]

1. e4 c6 2. d4 d5 3. Nc3 dxe4 4. Nxe4 Nd7 5. Nf3 Ngf6 6. Nxf6+ Nxf6 7. Bc4 Bf5
8. Qe2 e6 9. Bg5 Be7 10. O-O-O b5 11. Bd3 Bxd3 12. Qxd3 Nd5 13. h4 h6 14. Bxe7
Qxe7 15. Ne5 Qd6 16. Qf3 O-O 17. Nd3 a5 18. g4 Nb4 19. a3 Nxd3+ 20. Rxd3 b4 21.
Rhd1 c5 22. dxc5 Qxc5 23. Qe3 Rac8 24. R1d2 Qc4 25. Qd4 Qa2 26. Rd1 Rc4 27. Qe5
b3 28. Rc3 0-1

[Event "Open Primavera"]
[Site "Provaglio d'Iseo ITA"]
[Date "2013.03.29"]
[Round "4"]
[White "Vagliati, Massimo"]
[Black "Panada, Valter"]
[WhiteElo "1702"]
[BlackElo "1850"]
[Result "1/2-1/2"]
[PlyCount "105"]
[EventDate "2013.03.08"]

1. d4 d5 2. c4 e6 3. Nc3 Nf6 4. Nf3 Be7 5. Bg5 O-O 6. e3 h6 7. Bh4 Ne4 8. Bxe7
Qxe7 9. Rc1 Nxc3 10. Rxc3 c6 11. Bd3 Nd7 12. O-O dxc4 13. Rxc4 e5 14. Bb1 Nb6
15. Rc3 e4 16. Ne5 Nd5 17. Rc5 Nf6 18. Qc2 Be6 19. a3 Bd5 20. b4 Nd7 21. Nxd7
Qxd7 22. f4 f5 23. Ba2 Rac8 24. Rc1 Bxa2 25. Qxa2+ Kh8 26. Qc2 Rcd8 27. b5 cxb5
28. Rc7 Qd6 29. Qc5 Qe6 30. Qe7 Qf6 31. Rxb7 Qxe7 32. Rxe7 a6 33. Rcc7 Rg8 34.
Kf1 Rc8 35. Ke1 Rxc7 36. Rxc7 Rf8 37. Rc6 Ra8 38. Rc5 g6 39. Kd2 Kg7 40. Kc3
Ra7 41. Kb4 a5+ 42. Kb3 Rb7 43. d5 Kf7 44. Kc3 Rb6 45. h4 h5 46. Kd4 b4 47.
axb4 axb4 48. Rc6 Rb7 49. Rc1 b3 50. Rb1 b2 51. Kc3 Rb5 52. Rxb2 Rxd5 53. Rd2
1/2-1/2

[Event "Open Primavera"]
[Site "Provaglio d'Iseo ITA"]
[Date "2013.04.05"]
[Round "5"]
[White "Cattaneo, Ugo"]
[Black "Bosio, Devis"]
[WhiteElo "1830"]
[BlackElo "1922"]
[Result "0-1"]
[PlyCount "118"]
[EventDate "2013.03.08"]

1. e4 c6 2. d4 d5 3. Nc3 dxe4 4. Nxe4 Bf5 5. Ng3 Bg6 6. h4 h6 7. h5 Bh7 8. Nf3
Nd7 9. Bd3 Bxd3 10. Qxd3 Qc7 11. Ne2 e6 12. Bf4 Bd6 13. Qe3 Ngf6 14. Bxd6 Qxd6
15. Ne5 Qb4+ 16. c3 Qxb2 17. O-O Nd5 18. Qf3 Nxe5 19. dxe5 Qd2 20. Rab1 Rb8 21.
c4 Nb6 22. a4 O-O 23. Nc3 Nxc4 24. Ne4 Qa5 25. Rfc1 Nd2 26. Nxd2 Qxd2 27. Rd1
Qg5 28. Rd7 Qxe5 29. Qb3 Qxh5 30. Rxb7 Rxb7 31. Qxb7 Qc5 32. Qc7 a5 33. Rb6 Qc4
34. Rxc6 Qxa4 35. Rc4 Qd1+ 36. Kh2 Qh5+ 37. Kg1 Qd5 38. Rc5 Qd1+ 39. Kh2 a4 40.
Ra5 Rd8 41. Qc6 Qd6+ 42. Qxd6 Rxd6 43. Rxa4 g5 44. g4 Kg7 45. Kg3 Rd3+ 46. f3
Kg6 47. Ra8 Rd7 48. Re8 Rd5 49. Kf2 h5 50. gxh5+ Kxh5 51. Kg3 Kg6 52. Rg8+ Kf5
53. Rg7 f6 54. Rg8 Rd3 55. Ra8 Rd4 56. Rg8 e5 57. Rf8 g4 58. fxg4+ Rxg4+ 59.
Kf3 Rb4 0-1

[Event "Open Primavera"]
[Site "Provaglio d'Iseo ITA"]
[Date "2013.04.05"]
[Round "5"]
[White "Cristiani, Cesare"]
[Black "Dieli, Alberto"]
[WhiteElo "2128"]
[BlackElo "1949"]
[Result "1-0"]
[PlyCount "95"]
[EventDate "2013.03.08"]

1. d4 Nf6 2. Nf3 d5 3. c4 c6 4. Nc3 e6 5. e3 Bd6 6. Bd3 Nbd7 7. h3 O-O 8. O-O
Re8 9. cxd5 exd5 10. Qc2 Nf8 11. Rb1 Bd7 12. b4 Qc8 13. Ne2 Bxh3 14. gxh3 Qxh3
15. Ng3 g6 16. Rd1 Bxg3 17. fxg3 Ng4 18. Qg2 Qh5 19. Re1 Re7 20. Rb2 Rae8 21.
Rbe2 f5 22. Qh1 Qxh1+ 23. Kxh1 Nd7 24. Nh2 Ndf6 25. Nxg4 Nxg4 26. Kg2 Kf7 27.
Kf3 b5 28. a4 a6 29. Rc2 Re6 30. axb5 axb5 31. Ra2 Nf6 32. Bd2 h5 33. Ra6 Ng4
34. Re2 Kf6 35. Bc1 Rh8 36. Rc2 h4 37. Rcxc6 Rxc6 38. Rxc6+ Kf7 39. gxh4 Rxh4
40. Bxb5 Rh3+ 41. Kg2 Rh2+ 42. Kg1 Rh3 43. Kg2 Rh2+ 44. Kf1 Nf6 45. Bd3 Nd7 46.
b5 Ra2 47. b6 Ra4 48. Rc7 1-0

[Event "Open Primavera"]
[Site "Provaglio d'Iseo ITA"]
[Date "2013.04.05"]
[Round "5"]
[White "Frugoni, Giulio"]
[Black "Vagliati, Massimo"]
[WhiteElo "1615"]
[BlackElo "1702"]
[Result "0-1"]
[PlyCount "48"]
[EventDate "2013.03.08"]

1. d4 Nf6 2. c4 g6 3. Nc3 Bg7 4. Nf3 d6 5. e4 O-O 6. Bg5 Bd7 7. Be2 Qe8 8. Bxf6
Bxf6 9. Nd5 Na6 10. c5 c6 11. Bxa6 cxd5 12. Bxb7 dxe4 13. Bxa8 Qxa8 14. Nd2 Bb5
15. Qg4 Bd3 16. Rc1 Bxd4 17. c6 Bxb2 18. Qd1 Bxc1 19. Qxc1 Rc8 20. h4 Rxc6 21.
Qa3 Qc8 22. Nb3 Qg4 23. Nd4 Rc4 24. Nf3 Qxg2 0-1

[Event "Open Primavera"]
[Site "Provaglio d'Iseo ITA"]
[Date "2013.04.05"]
[Round "5"]
[White "Ghidinelli, Giorgio"]
[Black "Brugaletta, Giorgio"]
[WhiteElo "1902"]
[BlackElo "1727"]
[Result "1/2-1/2"]
[PlyCount "87"]
[EventDate "2013.03.08"]

1. Nf3 Nf6 2. c4 c5 3. Nc3 Nc6 4. e3 e5 5. d3 g6 6. e4 Bg7 7. Be2 O-O 8. O-O d6
9. h3 h6 10. Be3 Kh7 11. a3 Nh5 12. Nd5 f5 13. Rb1 fxe4 14. dxe4 Nf6 15. Nxf6+
Qxf6 16. b4 b6 17. bxc5 dxc5 18. Qc2 Be6 19. Rfd1 Nd4 20. Bxd4 exd4 21. Rb3 Bd7
22. Rbb1 Rae8 23. Rbc1 Qf4 24. Rf1 Bc6 25. Bd3 Bxe4 26. Bxe4 Rxe4 27. Rfe1 Rfe8
28. Rxe4 Rxe4 29. Rd1 Qf5 30. Qd3 Qe6 31. Rd2 Qe8 32. g3 Re6 33. Kh2 Qf7 34.
Nh4 Bf8 35. Re2 Qf6 36. Rxe6 Qxe6 37. f4 Kg7 38. f5 gxf5 39. Nxf5+ Kf6 40. g4
Qe5+ 41. Kg2 Qf4 42. Ng3 Kg5 43. Nh5 Qf7 44. Qd2+ 1/2-1/2

[Event "Open Primavera"]
[Site "Provaglio d'Iseo ITA"]
[Date "2013.04.05"]
[Round "5"]
[White "Lanfranchi, Francesco"]
[Black "Caceffo, Daniele"]
[WhiteElo "1515"]
[BlackElo "1449"]
[Result "0-1"]
[PlyCount "130"]
[EventDate "2013.03.08"]

1. e4 c5 2. Nf3 Nc6 3. c3 d6 4. Bb5 Bd7 5. O-O Nf6 6. d3 g6 7. h3 Bg7 8. Be3
O-O 9. Qd2 Re8 10. Nh2 Qc7 11. Na3 a6 12. Ba4 Rab8 13. f4 b5 14. Bc2 b4 15. Nc4
Na5 16. Nxa5 Qxa5 17. cxb4 Rxb4 18. a3 Rb5 19. Rab1 Nh5 20. Qxa5 Rxa5 21. Bd2
Bd4+ 22. Rf2 Bxf2+ 23. Kxf2 Rb5 24. Ng4 Reb8 25. b3 Bc6 26. a4 R5b7 27. Nh6+
Kg7 28. g4 Nf6 29. g5 Ng8 30. b4 cxb4 31. f5 b3 32. Bd1 gxf5 33. exf5 Bd5 34.
Ng4 Bc6 35. a5 b2 36. Ne3 f6 37. Bc3 Be8 38. Nc4 Bf7 39. Rxb2 Rxb2+ 40. Nxb2
Kf8 41. h4 Rb5 42. Bg4 Be8 43. Nd1 Rd5 44. Ke3 Bd7 45. Ke4 Rb5 46. Ne3 Bc6+ 47.
Kf4 Rb3 48. Bd4 Rxd3 49. Bb6 Rd2 50. Kg3 Kf7 51. Bh5+ Kf8 52. Kf4 Bd7 53. Bg4
fxg5+ 54. hxg5 h6 55. g6 Nf6 56. Bf3 Bb5 57. Ng4 Nxg4 58. Kxg4 Be2 59. Bxe2
Rxe2 60. Kf3 Re5 61. Kf4 Kg7 62. Bd4 Kf6 63. Bxe5+ dxe5+ 64. Ke4 e6 65. g7
exf5+ 0-1

[Event "Open Primavera"]
[Site "Provaglio d'Iseo ITA"]
[Date "2013.04.05"]
[Round "5"]
[White "Massetti, Euro"]
[Black "Barucco, Mattia"]
[WhiteElo "1919"]
[BlackElo "2016"]
[Result "0-1"]
[PlyCount "72"]
[EventDate "2013.03.08"]

1. e3 d5 2. c4 c6 3. Nc3 Nf6 4. d4 a6 5. h3 e6 6. Nf3 b5 7. c5 Be7 8. Bd3 Nbd7
9. Bd2 Qc7 10. b4 O-O 11. O-O e5 12. e4 dxe4 13. Nxe4 Nxe4 14. Bxe4 Nf6 15. Re1
Nxe4 16. Rxe4 exd4 17. Bf4 Qb7 18. Qe1 Bf6 19. Bd6 Bf5 20. Rf4 Rfe8 21. Qd2 Bg6
22. g4 d3 23. Re1 Qd7 24. g5 Rxe1+ 25. Qxe1 Re8 26. Qd1 Bd8 27. Ne5 Qxh3 28.
Rf3 Qe6 29. Nxg6 Qxg6 30. Rxd3 Bxg5 31. Bg3 h6 32. Qf3 Re6 33. Kf1 Qf6 34. Qd1
Qf5 35. Kg2 Qe4+ 36. Kh2 Qxb4 0-1

[Event "Open Primavera"]
[Site "Provaglio d'Iseo ITA"]
[Date "2013.04.05"]
[Round "5"]
[White "Schaberg, Wolfgang"]
[Black "Burimi, Ilir"]
[WhiteElo "1839"]
[BlackElo "1800"]
[Result "1/2-1/2"]
[PlyCount "47"]
[EventDate "2013.03.08"]

1. e4 e6 2. d4 d5 3. Nd2 Nf6 4. e5 Nfd7 5. Bd3 c5 6. c3 Nc6 7. Ne2 Be7 8. O-O
O-O 9. a3 cxd4 10. cxd4 Qb6 11. Nf3 f6 12. exf6 Bxf6 13. Rb1 e5 14. Nc3 Ne7 15.
dxe5 Nxe5 16. Nxe5 Bxe5 17. Bxh7+ Kxh7 18. Qh5+ Kg8 19. Qxe5 d4 20. Qxe7 Bf5
21. Ra1 Rae8 22. Qh4 Bd3 23. Rd1 Bc2 24. Rf1 1/2-1/2

[Event "Open Primavera"]
[Site "Provaglio d'Iseo ITA"]
[Date "2013.04.12"]
[Round "6"]
[White "Barucco, Mattia"]
[Black "Cristiani, Cesare"]
[WhiteElo "2016"]
[BlackElo "2128"]
[Result "0-1"]
[PlyCount "64"]
[EventDate "2013.03.08"]

1. e4 Nf6 2. e5 Nd5 3. Nf3 d6 4. d4 Bg4 5. Be2 c6 6. O-O Bxf3 7. Bxf3 dxe5 8.
dxe5 e6 9. a3 Nd7 10. Qe2 Qc7 11. Re1 a5 12. b3 Be7 13. g3 O-O 14. Bb2 Rae8 15.
Bg2 f6 16. c4 N5b6 17. exf6 Bxf6 18. Bxf6 Nxf6 19. Nc3 Nbd7 20. b4 axb4 21.
axb4 Qb6 22. Rab1 Qd4 23. Ne4 Nxe4 24. Bxe4 Nf6 25. Rbd1 Qb6 26. Qb2 Ng4 27. c5
Qc7 28. Re2 Qf7 29. Qc2 Qh5 30. h4 Rf7 31. f4 Nf6 32. Qd3 Rd7 0-1

[Event "Open Primavera"]
[Site "Provaglio d'Iseo ITA"]
[Date "2013.04.12"]
[Round "6"]
[White "Bosio, Devis"]
[Black "Schaberg, Wolfgang"]
[WhiteElo "1922"]
[BlackElo "1839"]
[Result "0-1"]
[PlyCount "66"]
[EventDate "2013.03.08"]

1. e4 d6 2. d4 Nf6 3. Nc3 g6 4. f4 Bg7 5. Nf3 O-O 6. Bd3 Nc6 7. O-O e5 8. fxe5
dxe5 9. d5 Nd4 10. Nxe5 Nxd5 11. exd5 Bxe5 12. Bf4 Bg7 13. Qd2 Bf5 14. Bxf5
Nxf5 15. Nb5 c6 16. g4 Qb6+ 17. Kh1 Qxb5 18. gxf5 Rad8 19. f6 Bxf6 20. Bh6 Rxd5
21. Qf2 Bg7 22. Bxg7 Kxg7 23. Qxa7 Rd2 24. Rf2 Rxf2 25. Qxf2 Qxb2 26. Re1 Qxa2
27. Qd4+ Kg8 28. c4 b5 29. cxb5 cxb5 30. Rg1 Qc4 31. Qf6 Re8 32. h4 Qd5+ 33.
Rg2 Re1+ 0-1

[Event "Open Primavera"]
[Site "Provaglio d'Iseo ITA"]
[Date "2013.04.12"]
[Round "6"]
[White "Brugaletta, Giorgio"]
[Black "Cattaneo, Ugo"]
[WhiteElo "1727"]
[BlackElo "1830"]
[Result "0-1"]
[PlyCount "52"]
[EventDate "2013.03.08"]

1. e4 e5 2. Nf3 Nc6 3. Bb5 Bc5 4. c3 Nf6 5. d4 exd4 6. cxd4 Bb6 7. O-O Nxe4 8.
Re1 d5 9. Nc3 O-O 10. Bxc6 bxc6 11. Nxe4 dxe4 12. Rxe4 c5 13. Bg5 f6 14. Qb3+
Kh8 15. Bh4 Bb7 16. Ree1 cxd4 17. Rad1 c5 18. Qd3 Qd5 19. b3 Rae8 20. Qb5 Bc6
21. Qc4 Qxc4 22. bxc4 Ba5 23. Rxe8 Rxe8 24. Kf1 Ba4 25. Re1 Bxe1 26. Nxe1 Bd1
0-1

[Event "Open Primavera"]
[Site "Provaglio d'Iseo ITA"]
[Date "2013.04.12"]
[Round "6"]
[White "Burimi, Ilir"]
[Black "Ghidinelli, Giorgio"]
[WhiteElo "1800"]
[BlackElo "1902"]
[Result "1-0"]
[PlyCount "49"]
[EventDate "2013.03.08"]

1. e4 c5 2. Nf3 e6 3. d4 cxd4 4. Nxd4 Nf6 5. Bd3 e5 6. Nb3 Bb4+ 7. c3 Be7 8. c4
Bb4+ 9. Nc3 Bxc3+ 10. bxc3 h6 11. Ba3 b6 12. Bd6 Nc6 13. f4 exf4 14. e5 Ng8 15.
O-O Qg5 16. Qe2 Nge7 17. Qe4 Bb7 18. h4 Qg6 19. Qxf4 Qe6 20. Nd4 Nxd4 21. cxd4
Ng6 22. Qg3 O-O-O 23. d5 Qe8 24. Bxg6 fxg6 25. Qa3 1-0